After the fact interactive : Envisioning the atlantic world

Zapisane w:
Opis bibliograficzny
Format: Książka
Język:Undetermined
Wydane: New York McGraw-Hill 1995
Hasła przedmiotowe:
Etykiety: Dodaj etykietę
Nie ma etykietki, Dołącz pierwszą etykiete!
Thư viện lưu trữ: Trung tâm Học liệu Trường Đại học Cần Thơ
LEADER 00549nam a2200193Ia 4500
001 CTU_130265
008 210402s9999 xx 000 0 und d
020 |c 19.38 
082 |a 907.2 
082 |b A258 
245 0 |a After the fact interactive : 
245 0 |b Envisioning the atlantic world 
260 |a New York 
260 |b McGraw-Hill 
260 |c 1995 
650 |a America,Atlantic ocean,Europe 
650 |x Historiography,Historiography,Historiography 
904 |i Tuyến 
980 |a Trung tâm Học liệu Trường Đại học Cần Thơ